El trigo /
Guardado en:
| Autor Principal: | |
|---|---|
| Formato: | Libro |
| Publicado: |
Buenos Aires :
Albatros,
1978
|
| Materias: | |
| Etiquetas: |
Agregar Etiqueta
Sin Etiquetas, Sea el primero en etiquetar este registro!
|
| LEADER | 00433nam a22001695a 4500 | ||
|---|---|---|---|
| 001 | CEM.cems006029 | ||
| 005 | 20060214000000.0 | ||
| 008 | 130507s1978##################000#0#####d | ||
| 003 | CEMS | ||
| 082 | 0 | 4 | |a 633.1 |
| 100 | 1 | |a Soldano Osvaldo Rodolfo | |
| 245 | 1 | 0 | |a El trigo / |
| 260 | |a Buenos Aires : |b Albatros, |c 1978 | ||
| 300 | |a 184 | ||
| 653 | |a Agricultura | ||
| 653 | |a Trigo | ||
| 859 | |a CEMS |b BIB. CEMS - 11 de abril |h 633.1 |i So42 |p 7188.79 |t Ej.1 | ||
